| 000 | 00639nam a2200169 i 4500 | ||
|---|---|---|---|
| 001 | 70903 | ||
| 003 | ES-MaACL | ||
| 005 | 20230906170948.0 | ||
| 007 | t| | ||
| 008 | 040804s1923 sp ||||1| spa d | ||
| 100 | 1 |
_aGaruffa, Egidio. _955797 |
|
| 245 | 1 | 0 |
_aFormulario del ingeniero _b: manual práctico para los ingenieros, mecánicos y constructores / _cpor Egidio Garuffa ; traducido de la cuarta edición italiana por Lino Alvarez Valdés. |
| 260 |
_aBarcelona : _bGustavo Gili, _c1923 ( _fGuinart y Pujolart) |
||
| 300 |
_a699 p. : _bil. ; _c19 cm. |
||
| 700 | 0 |
_aAlvarez Valdés, Lino. _920986 |
|
| 852 |
_aES-MaACL _jF-16343 _bR.21064 |
||
| 999 |
_c70903 _d70903 |
||